[Event "Mecklenburg VP LL2 West 2223"]
[Site "Mecklenburg VP"]
[Date "2023.01.15"]
[Round "5.2"]
[White "Mueller, Axel"]
[Black "Kross, Gunnar"]
[Result "1/2-1/2"]
[WhiteElo "2037"]
[BlackElo "2049"]
[PlyCount "60"]
[EventDate "2022.10.23"]
[EventType "team-tourn"]
[EventRounds "9"]
[EventCountry "GER"]
[SourceTitle "EXT 2024"]
[Source "ChessBase"]
[SourceDate "2023.10.10"]
[SourceVersion "1"]
[SourceVersionDate "2023.10.10"]
[SourceQuality "1"]
[WhiteTeam "Putlitz Pritzwalk"]
[BlackTeam "Grevesmuehlen Blau Weiss"]
[WhiteTeamCountry "GER"]
[BlackTeamCountry "GER"]

1. e4 c6 2. d4 d5 3. f3 e6 4. Nc3 Bb4 5. Bf4 Nf6 6. e5 Nh5 7. Be3 g6 8. a3 Ba5 9. Nh3 0-0 10. Be2 Ng7 11. 0-0 Nf5 12. Qd2 Nxe3 13. Qxe3 c5 14. dxc5 f6 15. Nb5 fxe5 16. b4 Bc7 17. Bd3 Nc6 18. Nxc7 Qxc7 19. Rae1 a6 20. Nf2 Rb8 21. Ng4 b6 22. cxb6 Qxb6 23. Qxb6 Rxb6 24. Nxe5 Nd4 25. c4 dxc4 26. Nxc4 Rc6 27. Re4 Nb5 28. Re5 Rf4 29. Re4 Rf8 30. Rc1 Nxa3 1/2-1/2

[Event "Oberliga Nord N 1516"]
[Site "Germany"]
[Date "2016.03.13"]
[Round "8.5"]
[White "Kross, Gunnar"]
[Black "Wenzel, Birger"]
[Result "1/2-1/2"]
[WhiteElo "2047"]
[BlackElo "1952"]
[PlyCount "43"]
[EventDate "2015.09.20"]
[EventType "team-tourn"]
[EventRounds "9"]
[EventCountry "GER"]
[SourceTitle "EXT 2017"]
[Source "ChessBase"]
[SourceDate "2016.10.25"]
[SourceVersion "1"]
[SourceVersionDate "2016.10.25"]
[SourceQuality "1"]
[WhiteTeam "Schwerin"]
[BlackTeam "Eppendorf Johanneum"]
[WhiteTeamCountry "GER"]
[BlackTeamCountry "GER"]

1. d4 Nf6 2. c4 e6 3. Nf3 b6 4. Nc3 Bb7 5. Bg5 Be7 6. e3 h6 7. Bh4 0-0 8. Bd3 c5 9. Rc1 cxd4 10. exd4 d5 11. 0-0 Nc6 12. cxd5 Nxd5 13. Bg3 Nxc3 14. Rxc3 Rc8 15. a3 Bd6 16. Bb1 Bxg3 17. hxg3 Ne7 18. Qd3 g6 19. Rfc1 Qd6 20. Rxc8 Rxc8 21. Rxc8+ Nxc8 22. Qe3 1/2-1/2

[Event "Oberliga Nord N 1516"]
[Site "Germany"]
[Date "2016.01.17"]
[Round "5.3"]
[White "Berg, Klaus"]
[Black "Kross, Gunnar"]
[Result "1/2-1/2"]
[WhiteElo "2370"]
[BlackElo "2047"]
[PlyCount "36"]
[EventDate "2015.09.20"]
[EventType "team-tourn"]
[EventRounds "9"]
[EventCountry "GER"]
[SourceTitle "CBM 170 Extra"]
[Source "ChessBase"]
[SourceDate "2016.02.25"]
[SourceVersion "1"]
[SourceVersionDate "2016.02.25"]
[SourceQuality "1"]
[WhiteTeam "Kiel Turm"]
[BlackTeam "Schwerin"]
[WhiteTeamCountry "GER"]
[BlackTeamCountry "GER"]

1. d4 Nf6 2. Bg5 b6 3. Nd2 Bb7 4. Ngf3 d6 5. e3 Nbd7 6. Bd3 h6 7. Bh4 g5 8. Bg3 Nh5 9. Qe2 Bg7 10. c3 e6 11. e4 Qe7 12. 0-0 Nxg3 13. hxg3 h5 14. Ba6 Bxa6 15. Qxa6 Bh6 16. Rad1 g4 17. Nh2 Bxd2 18. Rxd2 Qg5 1/2-1/2

[Event "Oberliga Nord N 1415"]
[Site "Germany"]
[Date "2015.03.15"]
[Round "8.8"]
[White "Voelzke, Kurt"]
[Black "Kross, Gunnar"]
[Result "1/2-1/2"]
[WhiteElo "2194"]
[BlackElo "2055"]
[PlyCount "56"]
[EventDate "2014.09.21"]
[EventType "team-tourn"]
[EventRounds "9"]
[EventCountry "GER"]
[SourceTitle "EXT 2016"]
[Source "ChessBase"]
[SourceDate "2015.10.08"]
[SourceVersion "1"]
[SourceVersionDate "2015.10.08"]
[SourceQuality "1"]
[WhiteTeam "Kiel Turm"]
[BlackTeam "Schwerin II"]
[WhiteTeamCountry "GER"]
[BlackTeamCountry "GER"]

1. d4 Nf6 2. c4 e6 3. Nf3 b6 4. g3 Ba6 5. Qa4 Be7 6. Bg2 0-0 7. Ne5 c6 8. Nc3 Bb7 9. 0-0 a6 10. Be3 b5 11. Qb3 d6 12. Nd3 Qc8 13. Rfc1 bxc4 14. Qxc4 Nbd7 15. Na4 Nd5 16. Bd2 a5 17. a3 Bf6 18. e3 Qb8 19. Nf4 Nxf4 20. gxf4 Rc8 21. Qb3 g6 22. Rc2 Ra7 23. Rac1 c5 24. dxc5 Bxg2 25. Qxb8 Rxb8 26. Kxg2 Nxc5 27. Nxc5 dxc5 28. Rxc5 Bxb2 1/2-1/2

[Event "Mecklenburg VP VL 1314"]
[Site "Mecklenburg VP"]
[Date "2014.01.19"]
[Round "5.3"]
[White "Kross, Gunnar"]
[Black "Hammel, Ralf"]
[Result "1/2-1/2"]
[WhiteElo "1972"]
[BlackElo "1967"]
[PlyCount "24"]
[EventDate "2013.10.20"]
[EventType "team-tourn"]
[EventRounds "9"]
[EventCountry "GER"]
[SourceTitle "EXT 2022"]
[Source "ChessBase"]
[SourceDate "2021.10.06"]
[SourceVersion "1"]
[SourceVersionDate "2021.10.06"]
[SourceQuality "1"]
[WhiteTeam "Grevesmuehlen Blau Weiss"]
[BlackTeam "Rostock HSG Uni"]
[WhiteTeamCountry "GER"]
[BlackTeamCountry "GER"]

1. d4 Nf6 2. Nf3 e6 3. e3 d5 4. Bd3 c5 5. c3 Nc6 6. 0-0 Qc7 7. Nbd2 Be7 8. e4 cxd4 9. cxd4 Nb4 10. Bb1 dxe4 11. Nxe4 Bd7 12. Ne5 Nbd5 1/2-1/2

[Event "Mecklenburg VP VL 1213"]
[Site "Mecklenburg VP"]
[Date "2013.04.28"]
[Round "9.2"]
[White "Hammel, Ralf"]
[Black "Kross, Gunnar"]
[Result "1/2-1/2"]
[WhiteElo "1950"]
[BlackElo "1982"]
[PlyCount "20"]
[EventDate "2012.10.14"]
[EventType "team-tourn"]
[EventRounds "9"]
[EventCountry "GER"]
[SourceTitle "EXT 2022"]
[Source "ChessBase"]
[SourceDate "2021.10.06"]
[SourceVersion "1"]
[SourceVersionDate "2021.10.06"]
[SourceQuality "1"]
[WhiteTeam "Rostock HSG Uni"]
[BlackTeam "Grevesmuehlen Blau Weiss"]
[WhiteTeamCountry "GER"]
[BlackTeamCountry "GER"]

1. e4 c6 2. d4 d5 3. e5 Bf5 4. Nf3 e6 5. Be2 c5 6. Be3 Nd7 7. c4 cxd4 8. Bxd4 dxc4 9. Bxc4 Rc8 10. Nbd2 Bc5 1/2-1/2

[Event "Mecklenburg VP VL 1011"]
[Site "Mecklenburg VP"]
[Date "2011.04.10"]
[Round "9.2"]
[White "Lehmann, Ruben"]
[Black "Kross, Gunnar"]
[Result "1-0"]
[WhiteElo "1942"]
[BlackElo "2039"]
[PlyCount "51"]
[EventDate "2010.10.10"]
[EventType "team-tourn"]
[EventRounds "9"]
[EventCountry "GER"]
[SourceTitle "EXT 2022"]
[Source "ChessBase"]
[SourceDate "2021.10.06"]
[SourceVersion "1"]
[SourceVersionDate "2021.10.06"]
[SourceQuality "1"]
[WhiteTeam "Torgelow Droegeheide"]
[BlackTeam "Grevesmuehlen Blau Weiss"]
[WhiteTeamCountry "GER"]
[BlackTeamCountry "GER"]

1. d4 Nf6 2. Nf3 e6 3. c4 b6 4. e3 Bb4+ 5. Bd2 Be7 6. Bd3 Bb7 7. 0-0 0-0 8. Nc3 d5 9. Ne5 c5 10. cxd5 Nxd5 11. Nxd5 Qxd5 12. f3 cxd4 13. Be4 Qxe5 14. Bxb7 dxe3 15. Bc3 Qb5 16. Qd4 f6 17. Qe4 Bc5 18. Rfe1 Qd7 19. Bxa8 f5 20. Qe5 a5 21. Kh1 Qe7 22. Rad1 h5 23. f4 Kh7 24. Bf3 Rc8 25. Bd4 Bd6 26. Qxe3 1-0

[Event "Mecklenburg VP VL 1011"]
[Site "Mecklenburg VP"]
[Date "2010.12.12"]
[Round "4.3"]
[White "Kross, Gunnar"]
[Black "Moeller, Peter"]
[Result "0-1"]
[WhiteElo "2039"]
[BlackElo "2005"]
[PlyCount "58"]
[EventDate "2010.10.10"]
[EventType "team-tourn"]
[EventRounds "9"]
[EventCountry "GER"]
[SourceTitle "EXT 2022"]
[Source "ChessBase"]
[SourceDate "2021.10.06"]
[SourceVersion "1"]
[SourceVersionDate "2021.10.06"]
[SourceQuality "1"]
[WhiteTeam "Grevesmuehlen Blau Weiss"]
[BlackTeam "Rostock HSG Uni"]
[WhiteTeamCountry "GER"]
[BlackTeamCountry "GER"]

1. d4 d6 2. c4 e5 3. d5 f5 4. Nc3 Nf6 5. f3 Be7 6. e4 f4 7. g4 Nfd7 8. Qc2 Bh4+ 9. Kd1 a5 10. Na4 Na6 11. Bd2 Nac5 12. Ne2 Nxa4 13. Qxa4 0-0 14. Nc1 Nc5 15. Qa3 Bd7 16. Nd3 Nxd3 17. Bxd3 Bf2 18. Bc2 Qh4 19. Qd3 h5 20. gxh5 Bh3 21. Kc1 Bg2 22. Rd1 Qxh2 23. Ba4 Qg3 24. Bd7 Bxf3 25. Be6+ Kh8 26. Kc2 Qg2 27. Re1 Be3 28. Rxe3 fxe3 29. Qxe3 Bxe4+ 0-1

[Event "Mecklenburg VP LL 0910"]
[Site "Mecklenburg VP"]
[Date "2009.10.18"]
[Round "1.2"]
[White "Schwahn, Christian"]
[Black "Kross, Gunnar"]
[Result "0-1"]
[WhiteElo "2031"]
[BlackElo "2028"]
[PlyCount "112"]
[EventDate "2009.10.18"]
[EventType "team-tourn"]
[EventRounds "9"]
[EventCountry "GER"]
[SourceTitle "EXT 2016"]
[Source "ChessBase"]
[SourceDate "2015.10.08"]
[SourceVersion "1"]
[SourceVersionDate "2015.10.08"]
[SourceQuality "1"]
[WhiteTeam "Greifswald II"]
[BlackTeam "Grevesmuehlen Blau Weiss"]
[WhiteTeamCountry "GER"]
[BlackTeamCountry "GER"]

1. e4 c6 2. Nc3 d5 3. Nf3 dxe4 4. Nxe4 Nd7 5. Bc4 e6 6. 0-0 Ngf6 7. Qe2 Nxe4 8. Qxe4 Nf6 9. Qe2 Be7 10. d4 0-0 11. Bf4 Nd5 12. Bg3 c5 13. dxc5 Bxc5 14. Rfd1 Qb6 15. c3 Nf6 16. Ne5 a5 17. Rd2 a4 18. Rad1 Be7 19. a3 Ra5 20. Ba2 Qa6 21. c4 Rc5 22. Nd3 Ra5 23. Nb4 Qb6 24. h3 g6 25. Be5 Qc5 26. Nd3 Qc6 27. Bc3 Ra8 28. Qe5 Qe4 29. Qc7 Bd8 30. Qd6 Qh4 31. Nc5 h5 32. Rd4 Qg5 33. h4 Qh6 34. Bd2 Qg7 35. Bg5 Re8 36. Qe5 Be7 37. Ne4 Nxe4 38. Qxe4 Bxg5 39. hxg5 e5 40. Rd8 Bg4 41. Rxa8 Rxa8 42. Rd6 Be6 43. Qxb7 Qf8 44. Qb4 Rb8 45. Rb6 Rd8 46. Qe1 e4 47. Bb1 Bxc4 48. Qxe4 Be6 49. Qxa4 Qc5 50. Rc6 Qxg5 51. Be4 Bd7 52. b4 Bxc6 53. Bxc6 Qc1+ 54. Kh2 Qf4+ 55. Kg1 Rd2 56. Qa7 Rd1# 0-1